| 000 | 00527nam a2200181Ia 4500 | ||
|---|---|---|---|
| 003 | GCL | ||
| 008 | 140319s9999 xx 000 0 eng d | ||
| 040 |
_aGCL / _cGCL |
||
| 082 | 0 | 4 |
_a965.05 _bM C |
| 100 | 1 | _aMALLEY, ROBERT | |
| 245 | 1 | 0 |
_aTHE CALL FROM ALEGRIA: THIRD WORLDISM, REVOLUTION AND THE TURN TO ISLAM / _cMALLEY, ROBERT |
| 260 |
_a[S.N] : _bUNIVERSITY OF CALIFORNIA PRESS ، _c1996 |
||
| 300 | _a323 P | ||
| 650 | 0 | 4 | _aALGERIA - POLITICS |
| 650 | 0 | 4 | _aALGERIA - GOVERNMENT |
| 650 | 0 | 4 | _aHISTORY |
| 942 |
_2ddc _cBK |
||
| 999 |
_c13249 _d13249 |
||